| 000 | 01206nam a2200289Ia 4500 | ||
|---|---|---|---|
| 001 | ebr10446648 | ||
| 003 | CaPaEBR | ||
| 006 | m u | ||
| 007 | cr cn||||||||| | ||
| 008 | 110121s2011 njua sb 001 0 eng d | ||
| 010 | _z 2011002986 | ||
| 020 | _z9780470769478 (cloth) | ||
| 040 |
_aCaPaEBR _cCaPaEBR |
||
| 035 | _a(OCoLC)705355147 | ||
| 050 | 1 | 4 |
_aQA76.9.C65 _bM63 2011eb |
| 245 | 0 | 0 |
_aModeling and simulation in the medical and health sciences _h[electronic resource] / _cedited by John A. Sokolowski, Catherine M. Banks. |
| 260 |
_aHoboken, NJ : _bWiley, _cc2011. |
||
| 300 |
_axviii, 209 p. : _bill. |
||
| 504 | _aIncludes bibliographical references and index. | ||
| 533 |
_aElectronic reproduction. _bPalo Alto, Calif. : _cebrary, _d2011. _nAvailable via World Wide Web. _nAccess may be limited to ebrary affiliated libraries. |
||
| 650 | 0 |
_aMedical education _xComputer simulation. |
|
| 650 | 0 | _aComputer simulation. | |
| 655 | 7 |
_aElectronic books. _2local |
|
| 700 | 1 |
_aBanks, Catherine M., _d1960- |
|
| 700 | 1 |
_aSokolowski, John A., _d1953- |
|
| 856 | 4 | 0 |
_uhttp://site.ebrary.com/lib/rucke/Doc?id=10446648 _zAn electronic book accessible through the World Wide Web; click to view |
| 999 |
_c247116 _d247116 |
||